000 00619nam a22001695i 4500
001 167599
003 ES-MaACL
005 20230906213547.0
008 050927s1894 it | |||||||| ||ita d
040 _aCAM
_bspa
_cCAM
100 1 _aVillari, Pasquale.
_9115122
245 1 2 _aI primi due secoli della storia di Firenze /
_cricerche di Pasquale Villari.
260 _aFirenze :
_bG.C. Sansoni editore,
_c1894 (
_fTip. di G. Carnesecchi e figli)
300 _a2 v. ;
_c22 cm.
651 4 _aFlorencia-
_xHistoria.
_9137161
852 _aES-MaACL
_jG-2711
_z-- Enc. hol. conservando la cub. original
_q-- Sólo t.II (269 p.)
999 _c167599
_d167599